[Event "Championnat de France Universitaire 2017"]
[Site "Strasbourg"]
[Date "2017.01.21"]
[Round "1.1"]
[White "Loiseau, Quentin"]
[Black "Saatdjian, Stephane"]
[Result "1-0"]
[BlackElo "2103"]
[WhiteElo "2455"]
[LiveChessVersion "1.4.8"]

1. Nf3 {[%clk 0:15:05]} c5 {[%clk 0:15:02]} 2. c4 {[%clk 0:14:58]} g6
{[%clk 0:14:49]} 3. d4 {[%clk 0:14:50]} cxd4 {[%clk 0:14:48]} 4. Nxd4
{[%clk 0:14:54]} Bg7 {[%clk 0:14:46]} 5. e4 {[%clk 0:14:24]} Nc6 {[%clk 0:14:49]}
6. Be3 {[%clk 0:14:18]} Nf6 {[%clk 0:14:42]} 7. Nc3 {[%clk 0:14:22]} Nxd4
{[%clk 0:14:32]} 8. Qxd4 {[%clk 0:12:00]} d6 {[%clk 0:13:41]} 9. Be2
{[%clk 0:11:55]} O-O {[%clk 0:13:33]} 10. Qd2 {[%clk 0:11:49]} Be6
{[%clk 0:11:49]} 11. Rc1 {[%clk 0:11:19]} Rc8 {[%clk 0:11:15]} 12. b3
{[%clk 0:11:19]} a6 {[%clk 0:09:30]} 13. f3 {[%clk 0:11:01]} Nd7 {[%clk 0:08:21]}
14. Nd5 {[%clk 0:07:21]} Bxd5 {[%clk 0:07:52]} 15. exd5 {[%clk 0:06:13]} b5
{[%clk 0:05:18]} 16. O-O {[%clk 0:05:37]} bxc4 {[%clk 0:05:15]} 17. Bxc4
{[%clk 0:05:40]} a5 {[%clk 0:04:43]} 18. a3 {[%clk 0:05:04]} Ne5 {[%clk 0:04:01]}
19. Bb5 {[%clk 0:04:30]} Rxc1 {[%clk 0:01:57]} 20. Rxc1 {[%clk 0:04:34]} e6
{[%clk 0:01:44]} 21. Rd1 {[%clk 0:03:29]} exd5 {[%clk 0:00:59]} 22. Qxd5
{[%clk 0:03:27]} Qb8 {[%clk 0:00:54]} 23. a4 {[%clk 0:02:23]} Rd8
{[%clk 0:00:34]} 24. h3 {[%clk 0:02:15]} Qc7 {[%clk 0:00:07]} 25. f4
{[%clk 0:01:08]} Nd7 {[%clk 0:00:11]} 26. Qxd6 {[%clk 0:01:04]} Qxd6
{[%clk 0:00:09]} 27. Rxd6 {[%clk 0:01:08]} Re8 {[%clk 0:00:13]} 28. Bf2
{[%clk 0:01:08]} 1-0

[Event "Championnat de France Universitaire 2017"]
[Site "Strasbourg"]
[Date "2017.01.21"]
[Round "1.2"]
[White "Alashtar, Aasef"]
[Black "Sochacki, Wojtek"]
[Result "0-1"]
[BlackElo "2347"]
[WhiteElo "2089"]
[LiveChessVersion "1.4.8"]

1. g3 {[%clk 0:14:57]} d5 {[%clk 0:15:03]} 2. Bg2 {[%clk 0:15:00]} Nf6
{[%clk 0:15:06]} 3. Nf3 {[%clk 0:14:53]} Bf5 {[%clk 0:14:32]} 4. Nh4
{[%clk 0:13:32]} Be4 {[%clk 0:14:10]} 5. f3 {[%clk 0:12:59]} Bg6 {[%clk 0:14:12]}
6. d4 {[%clk 0:12:27]} c5 {[%clk 0:14:12]} 7. c3 {[%clk 0:08:37]} Nc6
{[%clk 0:14:10]} 8. Nxg6 {[%clk 0:07:32]} hxg6 {[%clk 0:14:11]} 9. Na3
{[%clk 0:06:21]} e6 {[%clk 0:14:06]} 10. Nc2 {[%clk 0:06:21]} Bd6
{[%clk 0:14:08]} 11. e3 {[%clk 0:04:34]} Rxh2 {[%clk 0:12:45]} 12. Kf2
{[%clk 0:03:46]} Rxh1 {[%clk 0:10:29]} 13. Qxh1 {[%clk 0:03:47]} Qe7
{[%clk 0:10:31]} 14. Bd2 {[%clk 0:02:43]} O-O-O {[%clk 0:10:33]} 15. Qf1
{[%clk 0:02:38]} e5 {[%clk 0:10:19]} 16. Qb5 {[%clk 0:02:13]} a6 {[%clk 0:07:36]}
17. Qa4 {[%clk 0:02:17]} Nd7 {[%clk 0:07:29]} 18. b4 {[%clk 0:01:46]} Nb6
{[%clk 0:07:06]} 19. Qb3 {[%clk 0:01:50]} Nc4 {[%clk 0:06:21]} 20. Bc1
{[%clk 0:01:20]} exd4 {[%clk 0:06:10]} 21. cxd4 {[%clk 0:00:59]} cxd4
{[%clk 0:05:57]} 22. exd4 {[%clk 0:00:54]} Re8 {[%clk 0:05:36]} 23. Bf1
{[%clk 0:00:58]} Nxd4 {[%clk 0:05:10]} 24. Nxd4 {[%clk 0:00:47]} Qe1+
{[%clk 0:05:13]} 25. Kg1 {[%clk 0:00:07]} Qxg3+ {[%clk 0:05:15]} 0-1

[Event "Championnat de France Universitaire 2017"]
[Site "Strasbourg"]
[Date "2017.01.21"]
[Round "1.3"]
[White "Villegas, Pierre"]
[Black "Kern, Nicolas"]
[Result "1-0"]
[BlackElo "2093"]
[WhiteElo "2363"]
[LiveChessVersion "1.4.8"]

1. d4 {[%clk 0:15:07]} d5 {[%clk 0:15:05]} 2. c4 {[%clk 0:15:10]} c6
{[%clk 0:15:09]} 3. Nf3 {[%clk 0:15:14]} Nf6 {[%clk 0:15:10]} 4. e3
{[%clk 0:15:15]} Bg4 {[%clk 0:14:47]} 5. h3 {[%clk 0:15:15]} Bh5 {[%clk 0:14:34]}
6. g4 {[%clk 0:15:06]} Bg6 {[%clk 0:14:35]} 7. Ne5 {[%clk 0:15:10]} e6
{[%clk 0:14:13]} 8. Nd2 {[%clk 0:15:09]} Nbd7 {[%clk 0:12:18]} 9. Nxg6
{[%clk 0:15:05]} hxg6 {[%clk 0:12:18]} 10. Bg2 {[%clk 0:15:07]} Qa5
{[%clk 0:11:00]} 11. O-O {[%clk 0:13:18]} dxc4 {[%clk 0:08:12]} 12. Nxc4
{[%clk 0:13:16]} Qb5 {[%clk 0:06:46]} 13. b3 {[%clk 0:11:38]} Nb6
{[%clk 0:05:40]} 14. Ne5 {[%clk 0:11:00]} Rc8 {[%clk 0:05:05]} 15. Qf3
{[%clk 0:10:15]} Bd6 {[%clk 0:03:44]} 16. Bb2 {[%clk 0:09:40]} O-O
{[%clk 0:03:29]} 17. Rfc1 {[%clk 0:08:13]} Rfd8 {[%clk 0:03:10]} 18. g5
{[%clk 0:07:28]} Bxe5 {[%clk 0:03:11]} 19. dxe5 {[%clk 0:07:32]} Nfd5
{[%clk 0:03:10]} 20. Bf1 {[%clk 0:06:11]} Qb4 {[%clk 0:02:45]} 21. e4
{[%clk 0:05:43]} Qd2 {[%clk 0:02:48]} 22. exd5 {[%clk 0:05:15]} Qxb2
{[%clk 0:02:49]} 23. dxe6 {[%clk 0:05:19]} fxe6 {[%clk 0:02:19]} 24. Qc3
{[%clk 0:03:55]} Qxc3 {[%clk 0:02:05]} 25. Rxc3 {[%clk 0:03:59]} Rd4
{[%clk 0:01:54]} 26. Re1 {[%clk 0:03:31]} Rf8 {[%clk 0:01:43]} 27. Rd3
{[%clk 0:02:55]} Rdf4 {[%clk 0:01:20]} 28. Rd6 {[%clk 0:02:28]} R8f5
{[%clk 0:00:50]} 29. Rxe6 {[%clk 0:02:06]} Rxg5+ {[%clk 0:00:53]} 30. Bg2
{[%clk 0:02:10]} Kf7 {[%clk 0:00:37]} 31. Rd6 {[%clk 0:02:10]} Ke7
{[%clk 0:00:35]} 32. Rd2 {[%clk 0:01:51]} Ke6 {[%clk 0:00:31]} 33. Rd6+ Ke7 34.
Red1 {[%clk 0:01:29]} Rxe5 {[%clk 0:00:34]} 35. Rxg6 {[%clk 0:01:32]} Kf7
{[%clk 0:00:30]} 36. Rg4 {[%clk 0:01:15]} Rf6 {[%clk 0:00:31]} 37. Kf1
{[%clk 0:00:54]} Rc5 {[%clk 0:00:33]} 38. Rgd4 {[%clk 0:00:54]} Rc2
{[%clk 0:00:34]} 39. R4d2 {[%clk 0:00:57]} Rc3 {[%clk 0:00:37]} 40. Rd8
{[%clk 0:00:49]} Rc2 {[%clk 0:00:39]} 41. R1d2 {[%clk 0:00:49]} Rxd2
{[%clk 0:00:34]} 42. Rxd2 {[%clk 0:00:53]} Ke7 {[%clk 0:00:38]} 43. Be4
{[%clk 0:00:49]} Nd7 {[%clk 0:00:39]} 44. Kg2 {[%clk 0:00:48]} Nc5
{[%clk 0:00:44]} 45. Bc2 {[%clk 0:00:51]} Ne6 {[%clk 0:00:46]} 46. Kg3
{[%clk 0:00:50]} Nc5 {[%clk 0:00:46]} 47. Re2+ {[%clk 0:00:44]} Kf7
{[%clk 0:00:50]} 48. b4 {[%clk 0:00:36]} Ne6 {[%clk 0:00:53]} 49. Bb3
{[%clk 0:00:37]} Ke7 {[%clk 0:00:57]} 50. f4 {[%clk 0:00:38]} Kd6
{[%clk 0:01:01]} 51. Re4 {[%clk 0:00:27]} b6 {[%clk 0:00:52]} 52. h4
{[%clk 0:00:21]} c5 {[%clk 0:00:53]} 53. bxc5+ {[%clk 0:00:22]} Nxc5
{[%clk 0:00:56]} 54. Rd4+ {[%clk 0:00:26]} Ke7 {[%clk 0:00:57]} 55. h5
{[%clk 0:00:28]} Nxb3 {[%clk 0:00:56]} 56. axb3 {[%clk 0:00:32]} Rf5
{[%clk 0:01:00]} 57. Kg4 {[%clk 0:00:32]} Rb5 {[%clk 0:01:04]} 58. b4
{[%clk 0:00:31]} a5 {[%clk 0:01:08]} 59. bxa5 {[%clk 0:00:34]} Rxa5
{[%clk 0:01:04]} 60. Rb4 {[%clk 0:00:34]} b5 {[%clk 0:00:59]} 61. Kg5
{[%clk 0:00:38]} Kf7 {[%clk 0:00:55]} 62. Kf5 {[%clk 0:00:41]} Kg8
{[%clk 0:00:56]} 63. Kg5 {[%clk 0:00:32]} Kf7 {[%clk 0:00:57]} 64. f5
{[%clk 0:00:36]} Kg8 {[%clk 0:01:00]} 65. h6 {[%clk 0:00:32]} gxh6+
{[%clk 0:01:01]} 66. Kg6 {[%clk 0:00:36]} h5 {[%clk 0:00:59]} 67. Rd4
{[%clk 0:00:39]} Ra8 {[%clk 0:00:36]} 68. f6 {[%clk 0:00:43]} Rb8
{[%clk 0:00:25]} 69. Rh4 {[%clk 0:00:40]} b4 {[%clk 0:00:10]} 70. Rxh5
{[%clk 0:00:43]} Rb6 {[%clk 0:00:14]} 71. Rc5 {[%clk 0:00:46]} Rb8
{[%clk 0:00:12]} 72. Rc7 {[%clk 0:00:45]} b3 {[%clk 0:00:14]} 73. Rg7+
{[%clk 0:00:49]} Kh8 {[%clk 0:00:15]} 74. Rh7+ {[%clk 0:00:54]} Kg8
{[%clk 0:00:20]} 75. f7+ {[%clk 0:00:58]} Kf8 {[%clk 0:00:24]} 76. Rh8+
{[%clk 0:01:02]} 1-0

[Event "Championnat de France Universitaire 2017"]
[Site "Strasbourg"]
[Date "2017.01.21"]
[Round "1.4"]
[White "Pheng, Wissam"]
[Black "Lever, Erwan"]
[Result "1-0"]
[BlackElo "2122"]
[WhiteElo "1680"]
[LiveChessVersion "1.4.8"]

1. c4 {[%clk 0:15:08]} Nf6 {[%clk 0:15:08]} 2. Nc3 {[%clk 0:15:11]} g6
{[%clk 0:15:07]} 3. e4 {[%clk 0:15:08]} d6 {[%clk 0:14:33]} 4. g3
{[%clk 0:15:11]} Bg7 {[%clk 0:14:30]} 5. Bg2 {[%clk 0:15:14]} O-O
{[%clk 0:14:32]} 6. Nge2 {[%clk 0:15:18]} e5 {[%clk 0:14:30]} 7. O-O
{[%clk 0:15:21]} c6 {[%clk 0:14:09]} 8. d3 {[%clk 0:14:41]} Nbd7 {[%clk 0:13:46]}
9. Rb1 {[%clk 0:13:51]} a5 {[%clk 0:13:40]} 10. f4 {[%clk 0:13:38]} Qb6+
{[%clk 0:12:59]} 11. d4 {[%clk 0:08:32]} exd4 {[%clk 0:10:24]} 12. Qxd4
{[%clk 0:07:46]} Qxd4+ {[%clk 0:10:12]} 13. Nxd4 {[%clk 0:07:50]} Nxe4
{[%clk 0:10:05]} 14. Nxc6 {[%clk 0:07:52]} Nxc3 {[%clk 0:10:03]} 15. Ne7+
{[%clk 0:07:56]} Kh8 {[%clk 0:10:06]} 16. bxc3 {[%clk 0:08:00]} Bxc3
{[%clk 0:07:13]} 17. Nxc8 {[%clk 0:07:36]} Raxc8 {[%clk 0:07:11]} 18. Rxb7
{[%clk 0:06:13]} Nc5 {[%clk 0:06:05]} 19. Bb2 {[%clk 0:05:07]} Bxb2
{[%clk 0:04:36]} 20. Rxb2 {[%clk 0:05:10]} Rb8 {[%clk 0:03:08]} 21. Rfb1
{[%clk 0:04:56]} Rxb2 {[%clk 0:02:58]} 22. Rxb2 {[%clk 0:05:00]} Re8
{[%clk 0:03:02]} 23. Bf1 {[%clk 0:03:33]} Re3 {[%clk 0:01:56]} 24. Re2
{[%clk 0:02:54]} Ra3 {[%clk 0:01:25]} 25. Kg2 {[%clk 0:02:27]} Kg7
{[%clk 0:01:29]} 26. Kh3 {[%clk 0:02:14]} Nd3 {[%clk 0:01:23]} 27. Kh4
{[%clk 0:01:07]} Nc1 {[%clk 0:01:27]} 28. Rc2 {[%clk 0:01:07]} Nxa2
{[%clk 0:01:20]} 29. c5 {[%clk 0:01:04]} dxc5 {[%clk 0:01:18]} 30. Rxc5
{[%clk 0:01:08]} Nb4 {[%clk 0:00:51]} 31. Bc4 {[%clk 0:01:09]} f6
{[%clk 0:00:33]} 32. Rc7+ {[%clk 0:01:11]} Kh6 {[%clk 0:00:37]} 33. Bg8 g5+ 34.
Kg4 {[%clk 0:01:10]} gxf4 {[%clk 0:00:37]} 35. gxf4 {[%clk 0:00:59]} f5+
{[%clk 0:00:22]} 36. Kxf5 {[%clk 0:00:58]} 1-0

[Event "Championnat de France Universitaire 2017"]
[Site "Strasbourg"]
[Date "2017.01.21"]
[Round "2.1"]
[White "Veys, Vincent"]
[Black "Loiseau, Quentin"]
[Result "1-0"]
[BlackElo "2455"]
[WhiteElo "2364"]
[LiveChessVersion "1.4.8"]

1. e4 {[%clk 0:15:07]} e5 {[%clk 0:14:27]} 2. Nf3 {[%clk 0:15:08]} Nc6
{[%clk 0:14:32]} 3. Bb5 {[%clk 0:15:08]} a6 {[%clk 0:14:36]} 4. Ba4
{[%clk 0:15:11]} Nf6 {[%clk 0:14:40]} 5. O-O {[%clk 0:15:12]} Be7
{[%clk 0:13:32]} 6. Re1 {[%clk 0:15:14]} b5 {[%clk 0:13:34]} 7. Bb3
{[%clk 0:15:17]} d6 {[%clk 0:13:30]} 8. c3 {[%clk 0:15:11]} O-O {[%clk 0:13:32]}
9. d3 {[%clk 0:14:40]} Na5 {[%clk 0:12:36]} 10. Bc2 {[%clk 0:14:42]} c5
{[%clk 0:12:38]} 11. Nbd2 {[%clk 0:14:42]} Re8 {[%clk 0:12:33]} 12. Nf1
{[%clk 0:14:44]} Bf8 {[%clk 0:12:20]} 13. Ng3 {[%clk 0:11:56]} d5
{[%clk 0:08:15]} 14. d4 {[%clk 0:08:51]} exd4 {[%clk 0:02:46]} 15. e5
{[%clk 0:08:22]} Ng4 {[%clk 0:01:47]} 16. h3 {[%clk 0:07:30]} Nxf2
{[%clk 0:01:48]} 17. Kxf2 {[%clk 0:07:32]} dxc3 {[%clk 0:01:52]} 18. Bxh7+
{[%clk 0:07:07]} Kxh7 {[%clk 0:01:31]} 19. Ng5+ {[%clk 0:07:09]} Qxg5
{[%clk 0:01:34]} 20. Bxg5 {[%clk 0:07:12]} cxb2 {[%clk 0:01:37]} 21. Qc2+
{[%clk 0:07:12]} Kg8 {[%clk 0:01:40]} 22. Qxb2 {[%clk 0:07:13]} d4
{[%clk 0:01:43]} 23. Qd2 {[%clk 0:02:42]} Nc4 {[%clk 0:01:48]} 24. Qf4
{[%clk 0:02:37]} Bb7 {[%clk 0:00:54]} 25. Nh5 {[%clk 0:02:15]} Re6
{[%clk 0:00:44]} 26. Qg3 {[%clk 0:00:50]} Rae8 {[%clk 0:00:13]} 27. Nf6+
{[%clk 0:00:40]} gxf6 {[%clk 0:00:18]} 28. Bxf6+ Kh7 29. Qh4+ {[%clk 0:00:25]}
Bh6 {[%clk 0:00:26]} 30. Qh5 {[%clk 0:00:29]} Rf8 {[%clk 0:00:13]} 31. g4
{[%clk 0:00:19]} Nxe5 {[%clk 0:00:11]} 32. Bxe5 {[%clk 0:00:14]} Rg6
{[%clk 0:00:14]} 33. Bf4 {[%clk 0:00:13]} Kg7 {[%clk 0:00:11]} 34. g5
{[%clk 0:00:13]} Bxg5 {[%clk 0:00:11]} 35. Bxg5 Rh8 36. Qg4 {[%clk 0:00:21]} Bc8
{[%clk 0:00:19]} 37. Qf4 {[%clk 0:00:17]} Rxh3 {[%clk 0:00:22]} 38. Qe5+
{[%clk 0:00:14]} Kh7 {[%clk 0:00:08]} 39. Rh1 {[%clk 0:00:18]} 1-0

[Event "Championnat de France Universitaire 2017"]
[Site "Strasbourg"]
[Date "2017.01.21"]
[Round "2.2"]
[White "Sochacki, Wojtek"]
[Black "Naji, Nil"]
[Result "1-0"]
[BlackElo "1851"]
[WhiteElo "2347"]
[LiveChessVersion "1.4.8"]

1. d4 {[%clk 0:12:34]} Nf6 {[%clk 0:14:50]} 2. Nf3 {[%clk 0:12:35]} g6
{[%clk 0:14:41]} 3. g3 {[%clk 0:12:37]} Bg7 {[%clk 0:14:43]} 4. Bg2
{[%clk 0:12:41]} O-O {[%clk 0:14:45]} 5. O-O {[%clk 0:12:44]} d6 {[%clk 0:14:40]}
6. c4 {[%clk 0:12:47]} Nc6 {[%clk 0:14:33]} 7. Nc3 {[%clk 0:12:50]} a6
{[%clk 0:14:29]} 8. Bf4 {[%clk 0:12:52]} Nh5 {[%clk 0:14:18]} 9. Bg5
{[%clk 0:12:40]} h6 {[%clk 0:12:51]} 10. Be3 {[%clk 0:12:42]} e5 {[%clk 0:12:50]}
11. Qd2 {[%clk 0:12:38]} Kh7 {[%clk 0:12:14]} 12. Rad1 {[%clk 0:12:25]} Rb8
{[%clk 0:10:05]} 13. dxe5 {[%clk 0:11:58]} Nxe5 {[%clk 0:10:05]} 14. Nxe5
{[%clk 0:11:50]} Bxe5 {[%clk 0:10:08]} 15. Bxh6 {[%clk 0:11:48]} Bxc3
{[%clk 0:10:08]} 16. bxc3 {[%clk 0:11:51]} Re8 {[%clk 0:08:52]} 17. Bg5
{[%clk 0:11:13]} f6 {[%clk 0:08:10]} 18. Be3 {[%clk 0:11:16]} Qe7
{[%clk 0:08:11]} 19. Bf3 {[%clk 0:10:59]} Ng7 {[%clk 0:08:06]} 20. Bd4
{[%clk 0:10:11]} Be6 {[%clk 0:07:43]} 21. Qd3 {[%clk 0:08:18]} Bf5
{[%clk 0:06:52]} 22. Qe3 {[%clk 0:08:16]} Qf8 {[%clk 0:05:16]} 23. Qf4
{[%clk 0:08:11]} Ne6 {[%clk 0:04:37]} 24. Qh4+ {[%clk 0:07:52]} Kg7
{[%clk 0:04:41]} 25. Ba7 {[%clk 0:05:16]} g5 {[%clk 0:04:15]} 26. Qh5
{[%clk 0:05:20]} Bg6 {[%clk 0:04:19]} 27. Qh3 {[%clk 0:05:23]} Ra8
{[%clk 0:04:18]} 28. Be3 {[%clk 0:05:26]} Rab8 {[%clk 0:02:48]} 29. Bd5
{[%clk 0:05:10]} Qe7 {[%clk 0:02:41]} 30. Rd2 {[%clk 0:04:28]} Nd8
{[%clk 0:02:35]} 31. Ba7 {[%clk 0:03:35]} Ra8 {[%clk 0:02:32]} 32. Bd4
{[%clk 0:03:38]} c5 {[%clk 0:01:46]} 33. Be3 {[%clk 0:03:38]} Rh8
{[%clk 0:01:43]} 34. Qg2 {[%clk 0:03:42]} Bf5 {[%clk 0:01:30]} 35. g4
{[%clk 0:03:37]} Be6 {[%clk 0:01:11]} 36. Rd3 {[%clk 0:03:25]} Rh4
{[%clk 0:01:02]} 37. h3 {[%clk 0:03:22]} Nc6 {[%clk 0:00:39]} 38. f4
{[%clk 0:03:26]} Rah8 {[%clk 0:00:28]} 39. Bf2 {[%clk 0:03:12]} R4h6
{[%clk 0:00:21]} 40. Re3 {[%clk 0:03:15]} Bxd5 {[%clk 0:00:09]} 41. Rxe7+
{[%clk 0:03:18]} Nxe7 {[%clk 0:00:13]} 42. cxd5 {[%clk 0:03:21]} Rxh3
{[%clk 0:00:11]} 43. fxg5 {[%clk 0:03:11]} fxg5 {[%clk 0:00:13]} 44. Bg3
{[%clk 0:02:44]} 1-0

[Event "Championnat de France Universitaire 2017"]
[Site "Strasbourg"]
[Date "2017.01.21"]
[Round "2.3"]
[White "Bezy, Cedric"]
[Black "Villegas, Pierre"]
[Result "0-1"]
[BlackElo "2363"]
[WhiteElo "1806"]
[LiveChessVersion "1.4.8"]

1. d4 {[%clk 0:15:08]} Nf6 {[%clk 0:15:05]} 2. Nf3 {[%clk 0:15:11]} d5
{[%clk 0:15:09]} 3. Bf4 {[%clk 0:15:14]} e6 {[%clk 0:15:12]} 4. e3
{[%clk 0:15:16]} c5 {[%clk 0:15:16]} 5. c3 {[%clk 0:14:49]} Nc6 {[%clk 0:15:20]}
6. Bd3 {[%clk 0:14:01]} Bd6 {[%clk 0:15:18]} 7. Bxd6 {[%clk 0:13:14]} Qxd6
{[%clk 0:15:21]} 8. O-O {[%clk 0:13:15]} O-O {[%clk 0:15:23]} 9. Nbd2
{[%clk 0:13:13]} e5 {[%clk 0:14:52]} 10. dxe5 {[%clk 0:12:59]} Nxe5
{[%clk 0:14:55]} 11. Nxe5 {[%clk 0:13:01]} Qxe5 {[%clk 0:14:59]} 12. Nf3
{[%clk 0:13:00]} Qe7 {[%clk 0:14:44]} 13. Qc2 {[%clk 0:12:37]} Bg4
{[%clk 0:13:48]} 14. Ng5 {[%clk 0:10:32]} g6 {[%clk 0:13:46]} 15. h3
{[%clk 0:10:22]} Qe5 {[%clk 0:11:25]} 16. Nxh7 {[%clk 0:05:55]} Kxh7
{[%clk 0:11:14]} 17. hxg4 {[%clk 0:05:57]} Nxg4 {[%clk 0:11:16]} 18. g3
{[%clk 0:05:48]} Qh5 {[%clk 0:06:49]} 19. Kg2 {[%clk 0:05:52]} Qh2+
{[%clk 0:06:48]} 20. Kf3 {[%clk 0:05:56]} Ne5+ {[%clk 0:06:39]} 21. Ke2
{[%clk 0:05:46]} Kg7 {[%clk 0:06:41]} 22. Rh1 {[%clk 0:02:42]} Qg2
{[%clk 0:06:45]} 23. Rag1 {[%clk 0:02:45]} Qf3+ {[%clk 0:06:48]} 24. Ke1
{[%clk 0:02:17]} Rh8 {[%clk 0:05:26]} 25. Rxh8 {[%clk 0:01:08]} Rxh8
{[%clk 0:05:29]} 26. Be2 {[%clk 0:01:09]} Qf6 {[%clk 0:05:32]} 27. f4
{[%clk 0:00:45]} Rh2 {[%clk 0:04:45]} 28. Qd1 {[%clk 0:00:17]} Nc4
{[%clk 0:03:54]} 29. Bxc4 {[%clk 0:00:18]} dxc4 {[%clk 0:03:58]} 30. Rf1
{[%clk 0:00:07]} Rxb2 {[%clk 0:03:59]} 31. Qc1 {[%clk 0:00:08]} Rxa2
{[%clk 0:03:55]} 32. Rf2 {[%clk 0:00:09]} Ra6 {[%clk 0:03:42]} 33. Rd2
{[%clk 0:00:07]} Qe6 {[%clk 0:03:35]} 34. Rh2 {[%clk 0:00:09]} Qe4
{[%clk 0:03:14]} 35. g4 {[%clk 0:00:06]} Qf3 {[%clk 0:03:05]} 36. Rf2
{[%clk 0:00:06]} Qxg4 {[%clk 0:02:54]} 37. f5 {[%clk 0:00:07]} Qg1+
{[%clk 0:02:51]} 38. Rf1 {[%clk 0:00:11]} Qg3+ {[%clk 0:02:54]} 39. Rf2
{[%clk 0:00:14]} Ra2 {[%clk 0:02:54]} 40. f6+ {[%clk 0:00:18]} Kg8
{[%clk 0:02:55]} 0-1

[Event "Championnat de France Universitaire 2017"]
[Site "Strasbourg"]
[Date "2017.01.21"]
[Round "2.4"]
[White "Thomas, Anysia"]
[Black "Viers, Emmanuel"]
[Result "1-0"]
[BlackElo "2105"]
[WhiteElo "2088"]
[LiveChessVersion "1.4.8"]

1. d4 {[%clk 0:15:08]} d5 {[%clk 0:15:07]} 2. c4 {[%clk 0:15:12]} c6
{[%clk 0:15:12]} 3. Nf3 {[%clk 0:15:15]} Nf6 {[%clk 0:15:16]} 4. e3
{[%clk 0:15:19]} e6 {[%clk 0:15:15]} 5. b3 {[%clk 0:15:23]} Nbd7 {[%clk 0:15:11]}
6. Bb2 {[%clk 0:15:25]} Bb4+ {[%clk 0:14:37]} 7. Nbd2 {[%clk 0:15:27]} O-O
{[%clk 0:13:13]} 8. Bd3 {[%clk 0:15:06]} Ne4 {[%clk 0:09:52]} 9. Qc2
{[%clk 0:14:58]} f5 {[%clk 0:09:50]} 10. O-O {[%clk 0:14:49]} Ndf6
{[%clk 0:09:41]} 11. a3 {[%clk 0:14:25]} Bd6 {[%clk 0:09:16]} 12. Ne5
{[%clk 0:13:46]} Bxe5 {[%clk 0:06:23]} 13. dxe5 {[%clk 0:13:50]} Nxd2
{[%clk 0:05:56]} 14. Qxd2 {[%clk 0:13:50]} Ne4 {[%clk 0:05:59]} 15. Qc2
{[%clk 0:11:38]} Bd7 {[%clk 0:06:02]} 16. f3 {[%clk 0:11:12]} Ng5
{[%clk 0:04:34]} 17. Rad1 {[%clk 0:10:29]} Qb6 {[%clk 0:04:19]} 18. c5
{[%clk 0:09:12]} Qc7 {[%clk 0:04:05]} 19. Rde1 {[%clk 0:07:40]} Be8
{[%clk 0:04:04]} 20. f4 {[%clk 0:04:35]} Ne4 {[%clk 0:03:18]} 21. Bxe4
{[%clk 0:04:20]} fxe4 {[%clk 0:03:21]} 22. g4 {[%clk 0:04:13]} Qe7
{[%clk 0:03:13]} 23. Bd4 {[%clk 0:03:55]} Qh4 {[%clk 0:02:40]} 24. Qg2
{[%clk 0:03:58]} Bg6 {[%clk 0:01:50]} 25. Re2 {[%clk 0:03:08]} h5
{[%clk 0:01:36]} 26. h3 {[%clk 0:02:21]} hxg4 {[%clk 0:01:27]} 27. Qxg4 Qxg4+
{[%clk 0:00:36]} 28. hxg4 {[%clk 0:02:09]} Kf7 {[%clk 0:00:40]} 29. f5
{[%clk 0:02:01]} exf5 {[%clk 0:00:44]} 30. gxf5 {[%clk 0:02:00]} Bh5
{[%clk 0:00:49]} 31. Rg2 {[%clk 0:01:24]} Bf3 {[%clk 0:00:51]} 32. e6+
{[%clk 0:01:28]} Ke8 {[%clk 0:00:38]} 33. Rg5 {[%clk 0:00:51]} Rh8
{[%clk 0:00:16]} 34. Rxg7 {[%clk 0:00:43]} Rh1+ {[%clk 0:00:13]} 35. Kf2
{[%clk 0:00:47]} Rh2+ {[%clk 0:00:17]} 36. Kg3 {[%clk 0:00:46]} Rg2+
{[%clk 0:00:10]} 37. Kf4 {[%clk 0:00:50]} Rxg7 {[%clk 0:00:08]} 38. Bxg7 Ke7 39.
Ke5 {[%clk 0:00:52]} Bh5 {[%clk 0:00:06]} 40. f6+ {[%clk 0:00:55]} Ke8
{[%clk 0:00:10]} 41. Rh1 {[%clk 0:00:55]} Kd8 {[%clk 0:00:09]} 42. Rxh5
{[%clk 0:00:58]} 1-0

[Event "Championnat de France Universitaire 2017"]
[Site "Strasbourg"]
[Date "2017.01.21"]
[Round "3.1"]
[White "Selebran, Henri"]
[Black "Sochacki, Wojtek"]
[Result "0-1"]
[BlackElo "2347"]
[WhiteElo "2058"]
[LiveChessVersion "1.4.8"]

1. e4 {[%clk 0:15:06]} c5 {[%clk 0:15:09]} 2. c3 {[%clk 0:15:09]} Nf6
{[%clk 0:15:07]} 3. e5 {[%clk 0:15:09]} Nd5 {[%clk 0:15:10]} 4. Nf3
{[%clk 0:15:11]} Nc6 {[%clk 0:15:10]} 5. Bc4 {[%clk 0:15:09]} Nb6
{[%clk 0:15:13]} 6. Bb3 {[%clk 0:15:12]} d5 {[%clk 0:14:14]} 7. exd6
{[%clk 0:15:06]} Qxd6 {[%clk 0:13:58]} 8. O-O {[%clk 0:13:15]} c4
{[%clk 0:13:16]} 9. Bc2 {[%clk 0:13:12]} Bg4 {[%clk 0:13:19]} 10. h3
{[%clk 0:12:43]} Bh5 {[%clk 0:13:21]} 11. b3 {[%clk 0:12:09]} e6 {[%clk 0:12:24]}
12. Na3 {[%clk 0:10:49]} cxb3 {[%clk 0:11:05]} 13. axb3 {[%clk 0:10:43]} Qd5
{[%clk 0:11:05]} 14. g4 {[%clk 0:09:55]} Bg6 {[%clk 0:11:07]} 15. c4
{[%clk 0:08:46]} Qd7 {[%clk 0:11:04]} 16. Bb2 {[%clk 0:08:11]} Be7
{[%clk 0:08:29]} 17. Bxg7 {[%clk 0:07:16]} Rg8 {[%clk 0:08:32]} 18. Ne5
{[%clk 0:06:27]} Nxe5 {[%clk 0:05:50]} 19. Bxe5 {[%clk 0:06:28]} a6
{[%clk 0:05:33]} 20. d4 {[%clk 0:03:56]} h5 {[%clk 0:04:54]} 21. f3
{[%clk 0:03:15]} Rd8 {[%clk 0:04:26]} 22. Bxg6 {[%clk 0:02:45]} Rxg6
{[%clk 0:04:29]} 23. Nc2 {[%clk 0:02:32]} f6 {[%clk 0:04:25]} 24. Bh2
{[%clk 0:02:09]} Bd6 {[%clk 0:04:29]} 25. Qe2 {[%clk 0:02:06]} Bxh2+
{[%clk 0:04:29]} 26. Qxh2 {[%clk 0:01:58]} Kf7 {[%clk 0:04:29]} 27. Ra5
{[%clk 0:01:54]} Rh8 {[%clk 0:04:02]} 28. Rc5 {[%clk 0:01:26]} Na8
{[%clk 0:03:38]} 29. d5 {[%clk 0:01:05]} hxg4 {[%clk 0:02:33]} 30. fxg4
{[%clk 0:00:31]} Rxg4+ {[%clk 0:02:37]} 31. Kh1 {[%clk 0:00:34]} Rgh4
{[%clk 0:02:36]} 32. Rf3 {[%clk 0:00:34]} b6 {[%clk 0:02:29]} 33. Rc6
{[%clk 0:00:27]} Re4 {[%clk 0:01:34]} 34. Qf2 {[%clk 0:00:28]} Rh6
{[%clk 0:01:27]} 35. Nd4 {[%clk 0:00:26]} Nc7 {[%clk 0:01:20]} 36. dxe6+
{[%clk 0:00:14]} Nxe6 {[%clk 0:01:24]} 37. Nxe6 {[%clk 0:00:13]} Qd1+
{[%clk 0:00:49]} 38. Kg2 {[%clk 0:00:17]} Re2 {[%clk 0:00:53]} 39. Ng5+
{[%clk 0:00:21]} Kg8 {[%clk 0:00:35]} 40. Rc8+ {[%clk 0:00:25]} Kg7
{[%clk 0:00:39]} 41. Rc7+ {[%clk 0:00:29]} Kg6 {[%clk 0:00:37]} 42. Rxf6+
{[%clk 0:00:31]} Kh5 {[%clk 0:00:42]} 43. Rxh6+ {[%clk 0:00:09]} Kxh6
{[%clk 0:00:45]} 44. Nf7+ {[%clk 0:00:13]} Kh5 {[%clk 0:00:48]} 45. b4
{[%clk 0:00:09]} Rxf2+ {[%clk 0:00:42]} 46. Kxf2 {[%clk 0:00:13]} Qd2+
{[%clk 0:00:29]} 47. Kg1 {[%clk 0:00:08]} Qf4 {[%clk 0:00:14]} 48. Ra7
{[%clk 0:00:10]} Qg3+ {[%clk 0:00:15]} 49. Kf1 {[%clk 0:00:13]} Qxh3+
{[%clk 0:00:17]} 50. Ke2 {[%clk 0:00:17]} Qc3 {[%clk 0:00:19]} 51. Nd8
{[%clk 0:00:00]} 0-1